| 000 | 01008nam a2200253 i 4500 | ||
|---|---|---|---|
| 001 | 42114 | ||
| 003 | ES-MaACL | ||
| 005 | 20251005063037.0 | ||
| 007 | t| | ||
| 008 | 030312s1969 sp ||||1| cat d | ||
| 100 | 1 |
_aCastellnou, Joan de, _dfl. 1340 _9168429 |
|
| 245 | 1 | 0 | _aObras en prosa. |
| 260 |
_aBarcelona : _b[s.n.], _c1969. |
||
| 300 |
_a213 p. : _blám. ; _c24 cm. |
||
| 500 | _aPrecede al tít.: Segleix XIV. | ||
| 500 | _aPrecede al tít.: Fundació Salvador Vives Casajuana. | ||
| 505 | 8 | _aContiene: I: Compendi de la coneixenga dels vicis en els dictats del Gai Saber II glosari al Doctrinal de Ramon de Cornet, Joan de Castellnou. Introducció, edició crítica e indexs per Josep M. Casas Homs | |
| 600 | 1 | 4 |
_aCornet, Ramón de. _9168430 |
| 650 | 4 |
_aPoesía provenzal- _xHistoria y crítica. _9142887 |
|
| 700 | 1 |
_aCasas Homs, Josep Maria. _9168431 |
|
| 710 | 0 | 0 |
_aFundación Salvador Vives Casajuana. _94411 |
| 852 |
_aES-MaACL _jC-37880 _bR.71379 |
||
| 999 |
_c42114 _d42114 |
||